000 00577nam a2200181 i 4500
001 150650
003 ES-MaACL
005 20230906203622.0
007 t|
008 071102s1911 be ||||1| fre d
100 1 _aSoenens, Albert.
_9107019
245 1 3 _aLa mutualité en Belgique /
_cpar Albert Soenens ; avec la collaboration pour la partie fiscale de D. Perpete.
250 _a2e éd. completement mise áa jour.
260 _aBruxelles :
_bVeuve F. Larcier,
_c1911.
300 _a203, 82 p. ;
_c28 cm.
700 1 _aPerpète, D.
_991327
852 _aES-MaACL
_jC-2342
999 _c150650
_d150650